书目信息 |
| 题名: |
零基础自学! 漫画素描手绘教程
|
|
| 作者: | ;Mcoo 编著 ;灌木文化 主编 | |
| 分册: | ||
| 出版信息: | 北京 人民邮电出版社 2019.12 |
|
| 页数: | 256页 | |
| 开本: | 26cm | |
| 丛书名: | ||
| 单 册: | ||
| 中图分类: | J214 , J218.2 | |
| 科图分类: | ||
| 主题词: | 漫画--man hua--素描技法--教材 | |
| 电子资源: | ||
| ISBN: | 978-7-115-51990-0 | |
| 000 | 00974nam0 2200265 450 | |
| 001 | 202020139587 | |
| 005 | 20200926181346.0 | |
| 010 | @a978-7-115-51990-0@dCNY42.00 | |
| 100 | @a20200917d2019 em y0chiy50 ea | |
| 101 | 0 | @achi |
| 102 | @aCN@b110000 | |
| 105 | @aa z 000yy | |
| 106 | @ar | |
| 200 | 1 | @a零基础自学! 漫画素描手绘教程@Aling ji chu zi xue ! man hua su miao shou hui jiao cheng@f灌木文化主编@gMcoo编著 |
| 210 | @a北京@c人民邮电出版社@d2019.12 | |
| 215 | @a256页@c图@d26cm | |
| 300 | @a绘客 | |
| 330 | @a本书共分为十一章, 第一章和第二章讲解了绘制动漫需要的工具和动漫的基础了解 ; 第三章到第九章讲解了动漫人物的头部、表情、身体、动态、服饰、造型及人物组合的基础及案例 ; 第十章和第十一章讲解了动漫的透视、特效及气氛等。 | |
| 606 | 0 | @a漫画@Aman hua@x素描技法@j教材 |
| 690 | @aJ214@v5 | |
| 690 | @aJ218.2@v5 | |
| 702 | 0 | @aMcoo@4编著 |
| 711 | 02 | @a灌木文化@Aguan mu wen hua@4主编 |
| 801 | 0 | @aCN@c20191204 |
| 905 | @a河南城建学院图书馆@dJ214@eG577 | |
| 零基础自学! 漫画素描手绘教程/灌木文化主编/Mcoo编著.-北京:人民邮电出版社,2019.12 |
| 256页:图;26cm |
| 绘客 |
| ISBN 978-7-115-51990-0:CNY42.00 |
| 本书共分为十一章, 第一章和第二章讲解了绘制动漫需要的工具和动漫的基础了解 ; 第三章到第九章讲解了动漫人物的头部、表情、身体、动态、服饰、造型及人物组合的基础及案例 ; 第十章和第十一章讲解了动漫的透视、特效及气氛等。 |
| ● |
| 相关链接 |
|
|
|
正题名:零基础自学! 漫画素描手绘教程
索取号:J214/G577
 
预约/预借
| 序号 | 登录号 | 条形码 | 馆藏地/架位号 | 状态 | 备注 |
| 1 | 1489438 | 214894382 | 社科库309/309社科库 70排2列2层/ [索取号:J214/G577] | 在馆 | |
| 2 | 1489439 | 214894391 | 社科库309/309社科库 70排2列2层/ [索取号:J214/G577] | 在馆 |